Environmental information research, access & environmental decisionmaking /

Detalles Bibliográficos
Autor principal: Lamdan, Sarah
Formato: eBook
Lenguaje:inglés
Publicado: Washington DC: Environmental Law Institute, 2017
Materias:
Acceso en línea:Acceso restringido

MARC

LEADER 00000nam a22000007a 4500
005 20220916011610.0
007 cr|||| ||||
008 220916s2017 us |||||s|||| 00||0 eng d
020 |a 978-1-58576-185-2 
035 |a 36369 
040 |a vLex 
090 |c 13919  |d 13919 
100 1 |a Lamdan, Sarah 
245 1 0 |a Environmental information  |h [Recurso electrn̤ico] :  |b research, access & environmental decisionmaking /  |c Sarah Lamdan 
256 |a Servicio en ln̕ea 
260 |a Washington DC:  |b Environmental Law Institute,  |c 2017 
300 |a 1 recurso electrn̤ico 
500 |a In an ideal world, environmental information would be easy to find and use. But the current state of environmental information access requires additional knowledge and expertise―the kind that this book provides.Designed for legal practitioners, librarians, journalists, advocates, students, and researchers, this book helps environmental information seekers locate, obtain, and make sense of environmental records, documents, and pieces of data. It contains tips and concepts that expand beyond legal research or general research and into the broader realm of information-gathering. The book discusses environmental research tactics and resources and it also covers methods for obtaining information from nontraditional sources like government offices and open meetings 
506 1 |a Disponible solo en los productos indicados  |d vLex Global  |d vLex Global (Academic Edition, excluding Law Schools)  |d vLex Global (Academic Edition, Law Schools) 
650 0 4 |a Derecho del Medio Ambiente  |z Estados Unidos 
740 0 |a vLex Libros (Servicio en ln̕ea) 
856 4 0 |u https://app.vlex.com/#/sources/36369  |z Acceso restringido 
942 |c BOOK 
999 0 |a Environmental Law